000 00688nam a2200181 a 4500
008 120416s1973 ||||||||||||||||| || u
020 _a0875891594
050 _aLB 2842 Dur
100 _aDuryea, E. D
245 1 0 _aFaculty unions and collective bargaining
260 _aSan Francisco:
_bJossy-Bass
_c1973
300 _axvi, 236p. : ill.
350 _a0.00
650 _aCOLLEGE TEACHERS--SALARIES, ETC. ZAMBIA
650 _aCOLLECTIVE LABOR AGREEMENTS--TEACHERS--UNITED STATES
650 _aTEACHERS' UNIONS--UNITED STATES
995 _D0.00
_FCBU-MAIN LIBRARY (Kitwe)
_H1
_I19.95
_M1
_UAVAILABLE
_ZAnnex Low-Usage Collection
999 _c43111
_d43111